Enthusiastic and Engaged Learners: Approaches to Learning in the Early Childhood Classroom (Record no. 25059)

MARC details
000 -LEADER
fixed length control field 00718nam a22002057a 4500
003 - CONTROL NUMBER IDENTIFIER
control field OSt
005 - DATE AND TIME OF LATEST TRANSACTION
control field 20260623161656.0
008 - FIXED-LENGTH DATA ELEMENTS--GENERAL INFORMATION
fixed length control field 260623b |||||||| |||| 00| 0 eng d
020 ## - INTERNATIONAL STANDARD BOOK NUMBER
International Standard Book Number 9780807748800
040 ## - CATALOGING SOURCE
Transcribing agency Chuka University Library
050 ## - LIBRARY OF CONGRESS CALL NUMBER
Classification number LB 1139.25
Item number .H9 2008
100 ## - MAIN ENTRY--PERSONAL NAME
Personal name Hyson Marilou
9 (RLIN) 30871
245 ## - TITLE STATEMENT
Title Enthusiastic and Engaged Learners: Approaches to Learning in the Early Childhood Classroom
260 ## - PUBLICATION, DISTRIBUTION, ETC.
Place of publication, distribution, etc. New York
Name of publisher, distributor, etc. Teachers College Press
Date of publication, distribution, etc. 2008
300 ## - PHYSICAL DESCRIPTION
Extent xii, 163P
Other physical details Colored Illustrations
650 ## - SUBJECT ADDED ENTRY--TOPICAL TERM
Topical term or geographic name entry element Early Childhood Education-United States
9 (RLIN) 27889
650 ## - SUBJECT ADDED ENTRY--TOPICAL TERM
Topical term or geographic name entry element Learning Strategies-United States
9 (RLIN) 30872
650 ## - SUBJECT ADDED ENTRY--TOPICAL TERM
Topical term or geographic name entry element Motivation in Education-United States
9 (RLIN) 28670
942 ## - ADDED ENTRY ELEMENTS (KOHA)
Source of classification or shelving scheme Library of Congress Classification
Koha item type Long Loan Books
Suppress in OPAC No
Holdings
Withdrawn status Lost status Source of classification or shelving scheme Damaged status Not for loan Collection Home library Current library Shelving location Date acquired Source of acquisition Total Checkouts Full call number Barcode Date last seen Copy number Price effective from Koha item type
    Library of Congress Classification     General Collection Books Main Campus Library Main Campus Library General Stacks 23/06/2026 Donations from Books of Africa   LB 1139.25 .H9 2008 35913/2026 23/06/2026 1 23/06/2026 Long Loan Books

Powered by Koha